Taylor Swift - Opalite Lyrics - Statistics

General Stats
  • This quiz has been taken 53 times
  • The average score is 350 of 393
Answer Stats
Answer % Correct
a
100%
A
100%
all
100%
before
100%
I
100%
it
100%
It's
100%
"It's
100%
it's
100%
My
100%
my
100%
the
100%
to
100%
"When
100%
when
100%
you
100%
You
100%
alright
98%
And
98%
and
98%
bad
98%
But
98%
ends
98%
habit
98%
had
98%
is
98%
Life
98%
life
98%
me
98%
never
98%
Never
98%
Of
98%
of
98%
oh
98%
Oh
98%
on
98%
opalite
98%
told
98%
we
98%
We
98%
brother
95%
call
95%
dancing
95%
don't
95%
don't"
95%
Don't
95%
know
95%
know"
95%
love
95%
love?
95%
mama
95%
night
95%
no
95%
now
95%
see
95%
sky
95%
trash"
95%
used
95%
was
95%
were
95%
with
95%
gonna
93%
in
93%
last
93%
lightning
93%
live
93%
lovers
93%
missing
93%
Said,
93%
seen
93%
song
93%
strikes
93%
thought
93%
through
93%
your
93%
again
90%
"Eating
90%
friends
90%
ghosts
90%
haunted
90%
house
90%
like
90%
out
90%
past
90%
Have
88%
Lord
88%
one
88%
onyx
88%
wrong
88%
make
86%
met
86%
perfect
86%
Sleepless
86%
they'll
86%
couples
81%
own
81%
sunshine
81%
her
79%
real
79%
She
79%
foes
76%
for
76%
got
74%
phone
74%
just
71%
This
71%
alone
69%
give
69%
'til
69%
try
69%
what
69%
couldn't
67%
that's
67%
understand
67%
up
67%
You're
67%
you're
67%
not
64%
simple
64%
will
64%
felt
62%
mess
62%
Why
62%
baby
57%
can
57%
messed
57%
move
57%
pose
57%
starving
57%
temporary
57%
inside
52%
teacup
52%
drum
50%
left
50%
speed
50%
storm
50%
table
50%
sweat
48%
beat
45%
bump
45%
finally
45%
freedom
45%
here
45%
bring
43%
shelter
43%
brings
31%
Thunder
31%
failure
29%
bеfore
2%
thе
2%
No matching quizzes found
Score Distribution
Percent of People with Each Score
Percentile by Number Answered
Your Score History
You have not taken this quiz